| 000 | 00973nam a2200289 i 4500 | ||
|---|---|---|---|
| 003 | EG-GICUC | ||
| 005 | 20260422075042.0 | ||
| 008 | 260422s1997 fr ||||fr|||| 00| 0 fre d | ||
| 040 |
_aEG-GiCUC _bfre _cEG-GiCUC _dEG-GiCUC _eRda |
||
| 082 | 0 | 4 |
_221 _a341.48 _bZE . C |
| 092 | 0 | 4 | _221 |
| 099 | _aLaw1 11 341.48 ZE . C 1997 | ||
| 100 | 1 |
_aZemmali,Ameur _eAuteur |
|
| 245 |
_aCombattants Et Prisonniers De Guerre En Droit Islamique Et En Droit International Humanitaire/ _cAmeur Zemmali. |
||
| 264 | 1 |
_aParis : _bEditions A. Pedone, _c1979. |
|
| 300 |
_a519 pages ; _c24 cm. |
||
| 336 |
_2rda contenu _a texte |
||
| 337 |
_2rda medias _aOrdinateur |
||
| 338 |
_2 transporteur rda _a Ressource en ligne |
||
| 546 | _aTexte en français | ||
| 650 | _aDroit International Public | ||
| 650 | _aDroits De L'Homme | ||
| 700 | 1 |
_aCondorelli,Luigi _ePréfacier |
|
| 856 | 4 | 0 | _uhttps://fll.law.cu.edu.eg/fulltext/bks/B11-09738.pdf |
| 905 | _a59 | ||
| 942 |
_2ddc _n0 _cBK _e21 |
||
| 999 |
_c72764 _d72764 |
||